000 00574nam a22002417a 4500
003 UA-OsUOA
001 23662
007 ta
008 20040127b un ||||| |||| 00| 0 ukr d
090 _a94.(477).075
_bК63
942 _cBK
040 _aUA-OsUOA
_bukr
_cUA-OsUOA
_dUA-OsUOA
245 _aКому був вигідний голодомор?
_bСтатті
300 _a56 с.
955 _a0
041 _aukr
080 _a94.(477).075
020 _a966-608-274-8
260 _aКиїв
_bМАУП
_c2003
044 _aUA
650 7 _2UDC
999 _c309916
_d309916